[Event "GER-ch blitz (Women)"]
[Site "Magdeburg"]
[Date "2022.08.13"]
[Round "4"]
[White "Anissimova, Mariya"]
[Black "Melamed, Tatiana"]
[Result "0-1"]
[WhiteElo "1503"]
[BlackElo "2363"]
[PlyCount "54"]
[EventDate "2022.08.13"]
[EventType "tourn (blitz)"]
[EventRounds "23"]
[EventCountry "GER"]
[SourceTitle "CBM 209 Extra"]
[Source "ChessBase"]
[SourceDate "2022.09.30"]
[SourceVersion "1"]
[SourceVersionDate "2022.09.30"]
[SourceQuality "1"]

1. e4 Nf6 2. e5 Nd5 3. c4 Nb6 4. d4 d6 5. exd6 cxd6 6. Nf3 g6 7. Be2 Bg7 8. Be3 0-0 9. Nc3 Nc6 10. 0-0 Bg4 11. b3 Bxf3 12. Bxf3 e5 13. d5 Ne7 14. Rc1 Nf5 15. Bd2 Nd4 16. Be2 Nd7 17. f4 Re8 18. Bd3 f5 19. fxe5 Nxe5 20. Bb1 Ng4 21. h3 Ne3 22. Bxe3 Rxe3 23. Qd2 Qe7 24. Rce1 f4 25. Nd1 Rxe1 26. Rxe1 Qg5 27. Nf2 Nf3+ 0-1

[Event "GER-ch blitz (Women)"]
[Site "Magdeburg"]
[Date "2022.08.13"]
[Round "7"]
[White "Anissimova, Mariya"]
[Black "Zhou, Lepu Coco"]
[Result "1-0"]
[WhiteElo "1503"]
[BlackElo "1848"]
[PlyCount "131"]
[EventDate "2022.08.13"]
[EventType "tourn (blitz)"]
[EventRounds "23"]
[EventCountry "GER"]
[SourceTitle "CBM 209 Extra"]
[Source "ChessBase"]
[SourceDate "2022.09.30"]
[SourceVersion "1"]
[SourceVersionDate "2022.09.30"]
[SourceQuality "1"]

1. e4 e5 2. Nf3 Nc6 3. Bb5 a6 4. Bxc6 dxc6 5. Nc3 Bd6 6. d4 exd4 7. Qxd4 f6 8. 0-0 Ne7 9. Be3 Be6 10. Rad1 0-0 11. a3 Qe8 12. h3 Qh5 13. Nh2 Rad8 14. Qa4 f5 15. f4 fxe4 16. Nxe4 Nd5 17. Bc1 Qg6 18. Ng5 Bf5 19. c4 Bc5+ 20. Kh1 Nb6 21. Qa5 Be7 22. c5 Nd5 23. g4 Be4+ 24. Ngf3 Nxf4 25. Qe1 Rxd1 26. Qxd1 Nd5 27. b4 a5 28. Bd2 axb4 29. axb4 Qf6 30. Kg2 Qb2 31. Qe2 Bxf3+ 32. Nxf3 Bf6 33. Qe6+ Kh8 34. Rf2 Qb3 35. Qe4 Nc3 36. Bxc3 Qxc3 37. g5 Bd8 38. h4 Qb3 39. Re2 Qf7 40. Re3 h6 41. Ne5 Qf2+ 42. Kh3 Qf1+ 43. Kg3 Qf2+ 44. Kh3 Qf5+ 45. Qxf5 Rxf5 46. g6 Rf8 47. Nf7+ Kg8 48. Rd3 Bf6 49. Rd7 b6 50. Rxc7 bxc5 51. bxc5 Ra8 52. Rxc6 Ra3+ 53. Kg2 Ra2+ 54. Kf3 Ra3+ 55. Ke2 Ra2+ 56. Kd3 Ra3+ 57. Kc4 Ra8 58. Rb6 Bxh4 59. c6 Bg3 60. Rb7 Rc8 61. Kd5 h5 62. Nd6 Rd8 63. Rd7 Ra8 64. c7 Bxd6 65. Kxd6 Ra6+ 66. Ke7 1-0

[Event "GER-ch blitz (Women)"]
[Site "Magdeburg"]
[Date "2022.08.13"]
[Round "14"]
[White "Rath, Alina"]
[Black "Anissimova, Mariya"]
[Result "0-1"]
[WhiteElo "2108"]
[BlackElo "1503"]
[PlyCount "166"]
[EventDate "2022.08.13"]
[EventType "tourn (blitz)"]
[EventRounds "23"]
[EventCountry "GER"]
[SourceTitle "CBM 209 Extra"]
[Source "ChessBase"]
[SourceDate "2022.09.30"]
[SourceVersion "1"]
[SourceVersionDate "2022.09.30"]
[SourceQuality "1"]

1. c4 Nf6 2. Nc3 g6 3. g3 Bg7 4. Bg2 d6 5. e4 e5 6. Nge2 0-0 7. 0-0 Nc6 8. d3 a5 9. h3 Nd7 10. f4 f5 11. Be3 exf4 12. Nxf4 Nf6 13. Qd2 fxe4 14. dxe4 Kh8 15. b3 Re8 16. Rae1 Bd7 17. Ncd5 a4 18. Nxf6 Bxf6 19. Nd5 Bg7 20. Bg5 Qc8 21. Rf7 Ne5 22. Rxg7 Kxg7 23. Bh6+ Kh8 24. Qg5 Qd8 25. Qe3 Be6 26. Bg5 Qc8 27. Bf6+ Kg8 28. Qh6 Qd7 29. Bxe5 Bxd5 30. Bb2 Be6 31. g4 axb3 32. axb3 Ra2 33. Qc1 Rf8 34. Qc3 Rxb2 35. Qxb2 c6 36. Qd4 Qe7 37. Rd1 Qf7 38. Qxd6 Qf2+ 39. Kh1 Bf7 40. Rf1 Qb6 41. e5 Re8 42. Qd7 Rf8 43. e6 Be8 44. Rxf8+ Kxf8 45. Qd6+ Kg8 46. e7 Qxb3 47. Qe6+ Kg7 48. Qe5+ Kg8 49. Qe6+ Kg7 50. Kh2 Qb6 51. Qe5+ Kf7 52. g5 Qf2 53. Kh1 Qf5 54. Qc7 Qb1+ 55. Kh2 Qf5 56. Qxb7 Qf4+ 57. Kg1 Qc1+ 58. Bf1 Qxg5+ 59. Bg2 Qxe7 60. Qb3 Qe1+ 61. Kh2 Qe5+ 62. Kg1 Qe1+ 63. Kh2 Qe5+ 64. Kg1 c5 65. Bd5+ Kg7 66. Qb7+ Kh6 67. Qb1 Bd7 68. Qc1+ Qg5+ 69. Qxg5+ Kxg5 70. Kg2 Kh4 71. Bg8 Bxh3+ 72. Kf3 h5 73. Bh7 Kg5 74. Kg3 Bf5 75. Bg8 h4+ 76. Kg2 Kg4 77. Bd5 h3+ 78. Kh2 Kf4 79. Bf7 g5 80. Bd5 g4 81. Kg1 g3 82. Kf1 h2 83. Kg2 Be4+ 0-1

[Event "GER-ch blitz (Women)"]
[Site "Magdeburg"]
[Date "2022.08.13"]
[Round "5"]
[White "Schulze, Lara"]
[Black "Anissimova, Mariya"]
[Result "1-0"]
[WhiteElo "2140"]
[BlackElo "1503"]
[PlyCount "67"]
[EventDate "2022.08.13"]
[EventType "tourn (blitz)"]
[EventRounds "23"]
[EventCountry "GER"]
[SourceTitle "CBM 209 Extra"]
[Source "ChessBase"]
[SourceDate "2022.09.30"]
[SourceVersion "1"]
[SourceVersionDate "2022.09.30"]
[SourceQuality "1"]

1. e4 e5 2. Nf3 Nc6 3. Nc3 Nf6 4. d4 exd4 5. Nxd4 d6 6. g3 Be7 7. Bg2 0-0 8. 0-0 Bg4 9. Nde2 Qd7 10. Be3 Bh3 11. Nf4 Bxg2 12. Kxg2 Ne5 13. h3 Nc4 14. Bc1 Rfe8 15. b3 Ne5 16. Bb2 Ng6 17. Nxg6 hxg6 18. Qd3 Rad8 19. Rad1 Qc6 20. Nd5 Nxd5 21. exd5 Qd7 22. h4 Bf6 23. Bxf6 gxf6 24. h5 Kg7 25. Rh1 Rh8 26. Qf3 Rde8 27. h6+ Kh7 28. Qxf6 Rhg8 29. Rde1 a6 30. c4 b6 31. Rxe8 Qxe8 32. Rh4 c5 33. Rf4 Kxh6 34. Rh4# 1-0